|
|
|
|
| LEADER |
00000nam0a2200000 4500 |
| 001 |
60015 |
| 005 |
20231101211844.0 |
| 035 |
|
|
|a (RuTPU)RU\TPU\book\63479
|
| 090 |
|
|
|a 60015
|
| 100 |
|
|
|a 20040130d1975 km y0rusy50 ca
|
| 101 |
0 |
|
|a rus
|
| 102 |
|
|
|a RU
|
| 105 |
|
|
|a a g 001zy
|
| 200 |
1 |
|
|a Станки с программным управлением
|e справочник
|f Г. А. Монахов [и др.]
|
| 210 |
|
|
|a Москва
|c Машиностроение
|d 1975
|
| 215 |
|
|
|a 288 с.
|c ил.
|
| 320 |
|
|
|a Библиогр.: с. 283-284.
|
| 320 |
|
|
|a Предметный указатель: с. 285-288.
|
| 606 |
1 |
|
|a Копировальные станки с программным управлением
|2 stltpush
|3 (RuTPU)RU\TPU\subj\15665
|9 41885
|
| 610 |
1 |
|
|a станки с ЧПУ
|
| 610 |
1 |
|
|a детали
|
| 610 |
1 |
|
|a технологические требования
|
| 610 |
1 |
|
|a назначение
|
| 610 |
1 |
|
|a разработка
|
| 610 |
1 |
|
|a управляющие программы
|
| 610 |
1 |
|
|a контроль
|
| 610 |
1 |
|
|a станочные приспособления
|
| 610 |
1 |
|
|a инструменты
|
| 610 |
1 |
|
|a размерная настройка
|
| 610 |
1 |
|
|a режимы резания
|
| 610 |
1 |
|
|a нормирование
|
| 610 |
1 |
|
|a экономическая эффективность
|
| 610 |
1 |
|
|a справочники
|
| 675 |
|
|
|a 621.9.06-529(035)
|v 3
|
| 701 |
|
1 |
|a Монахов
|b Г. А.
|
| 701 |
|
1 |
|a Оганян
|b А. А.
|
| 701 |
|
1 |
|a Кузнецов
|b Ю. И.
|
| 701 |
|
1 |
|a Богданов
|b А. И.
|
| 701 |
|
1 |
|a Ельцов
|b В. Г.
|
| 701 |
|
1 |
|a Костоусов
|b О. А.
|
| 801 |
|
1 |
|a RU
|b 63413507
|c 20040130
|g PSBO
|
| 801 |
|
2 |
|a RU
|b 63413507
|c 20230221
|g PSBO
|
| 942 |
|
|
|c BK
|